000 01264nam a2200265Ia 4500
999 _c53457
_d53457
001 20501
003 GE_BSU
005 20210109213043.0
008 181216s1973||||ge |||||||||||||| ||geo||
040 _cGE_BSU
041 _ageo
080 _a811.353.1-84(075.3=161.1) მ-93
100 _aმუშკუდიანი, ვ.
_99545
245 _aქართული ენა :
_bსახელმძღვ. საქ. სსრ რუს. სკოლის მე-4 კლასისათვის /
_cვ. მუშკუდიანი, მ. ჩინჩალაძე ; რედ.: დ. ჯიბლაძე, ლ. გურეშიძე.
_h
250 _aმე-3 გამოცემა
264 _aთბილისი :
_bგანათლება,
_c1973.
300 _a91 გვ. :
_bილ. ;
_c 21 სმ.
541 _h8 თ.
653 _aრუსული სკოლის მე-4 კლასისათვის
653 _aქართული ენა
700 _aმ. ჩინჩალაძე
_eავტორი
_910021
700 _aჯიბლაძე, დ.
_eრედაქტორი
_98826
700 _a გურეშიძე, ლ.
_eრედაქტორი
_910022
942 _cBK
_2udc